000 00613nam a2200217 a 4500
001 4147
003 CO-ViMGA
008 141112s2004 ck r 000 u spa d
040 _aCO-ViMGA
_bspa
_cCO-ViMGA
082 0 4 _a633.1 B655
100 1 _aBonnett, O.T
_954596
245 1 0 _aLas inflorescencias de maíz, trigo, centeno, cebada y avena :
_bsu iniciación y desarrollo
260 _aBuenos Aires :
_bHemisferio sur,
_c1987
300 _a112 p
650 1 4 _aCEBADA
_954597
650 1 4 _aCENTENO
_954598
650 1 4 _aCEREALES - CULTIVO
_954599
650 1 4 _aMAIZ
650 1 4 _aTRIGO
_954601
942 _2ddc
_cBK
999 _c16163
_d16163